000 00271nam a2200097Ia 4500
008 120527s9999 xx 000 0 und d
100 _aSTANHOPE & Lanacster
245 _aInstructor's Manual to accompany community health nursing Process and
260 _bWCB
942 _cBK
999 _c25929
_d25929